| Поле | Название | Значение |
| |
Тип записи |
a |
| |
Библиографический уровень |
m |
| 001 |
Контрольный номер |
RU/URAIT/589130 |
| 005 |
Дата корректировки |
20260429163600.9 |
| 008 |
Кодируемые данные |
260429s2026 RU y f j 000 0 rus u |
| 020 |
Индекс ISBN |
__ |
| a |
ISBN |
978-5-534-15566-2 |
| c |
Цена, тираж |
529.00 |
| 040 |
Источник каталогиз. |
__ |
| a |
Служба первич. каталог. |
ИКО Юрайт |
| c |
Служба, преобразующая запись |
ИКО Юрайт |
| e |
Правила каталог. |
RCR |
| 041 |
Код языка издания |
__ |
| a |
Код языка текста |
rus |
| 044 |
Код страны публикации |
__ |
| a |
Код страны публикации |
RU |
| 080 |
Индекс УДК |
__ |
| a |
Индекс УДК |
338.24(075.8) |
| 084 |
Индекс другой классификации/Индекс ББК |
__ |
| 2 |
Источник индекса |
rubbk |
| a |
Индекс другой классификации/Индекс ББК |
65.290-2я73 |
| 100 |
Автор |
__ |
| a |
Автор |
Масленникова И. С. |
| q |
Полное имя |
Масленникова Ирина Сергеевна |
| 245 |
Заглавие |
__ |
| a |
Заглавие |
Экологический аудит |
| b |
Продолж. заглавия |
учебник и практикум для вузов |
| c |
Ответственность |
И. С. Масленникова, Л. М. Кузнецов. |
| 250 |
Сведения об издании |
__ |
| a |
Основные сведения об издании |
3-е изд. |
| 256 |
Характеристики компьютерного файла |
__ |
| a |
Характеристики компьютерного файла |
Электрон. дан. |
| 260 |
Выходные данные |
__ |
| a |
Место издания |
Москва |
| b |
Издательство |
Юрайт |
| c |
Дата издания |
2026 |
| 300 |
Физическое описание |
__ |
| a |
Объем |
85 с |
| 440 |
Серия |
__ |
| a |
Серия |
Высшее образование |
| 500 |
Примечания |
__ |
| a |
Примечание |
URL: https://urait.ru/bcode/589130 (дата обращения: 29.04.2026). |
| 520 |
Аннотация |
__ |
| a |
Аннотация |
В курсе «Экологический аудит» раскрыт порядок проведения оформления результатов экологического аудита. Значительное место уделено объяснению задач и полномочий производственного и государственного экологического контроля. Соответствует актуальным требованиям федерального государственного образовательного стандарта высшего образования. Курс ориентирован на студентов, обучающихся по направлению «Менеджмент» и профилю обучения «Природопользование», аспирантов, слушателей программ профессиональной переподготовки и повышения квалификации, а также может быть полезен всем тем, кто заинтересован в повышении своей личной эффективности. |
| 538 |
Прим. о системных особенностях |
__ |
| a |
Прим. о системных особенностях |
Режим доступа: Электронно-библиотечная система Юрайт, для авториз. пользователей |
| 653 |
Ключевые слова |
__ |
| a |
Ключевые слова |
Менеджмент в отдельных отраслях |
| 653 |
Ключевые слова |
__ |
| a |
Ключевые слова |
Менеджмент |
| 653 |
Ключевые слова |
__ |
| a |
Ключевые слова |
Экологический аудит |
| 653 |
Ключевые слова |
__ |
| a |
Ключевые слова |
Аудит окружающей среды |
| 653 |
Ключевые слова |
__ |
| a |
Ключевые слова |
Экологический учет и аудит |
| 653 |
Ключевые слова |
__ |
| a |
Ключевые слова |
Экологический контроль и аудит в природопользовании |
| 653 |
Ключевые слова |
__ |
| a |
Ключевые слова |
Основы экологического аудита |
| 653 |
Ключевые слова |
__ |
| a |
Ключевые слова |
Аудит экологической безопасности |
| 653 |
Ключевые слова |
__ |
| a |
Ключевые слова |
Аудит эксплуатационной безопасности эксплуатантов |
| 653 |
Ключевые слова |
__ |
| a |
Ключевые слова |
Эколого-географический аудит |
| 653 |
Ключевые слова |
__ |
| a |
Ключевые слова |
Правовые основы экологического аудита |
| 700 |
Другие авторы |
__ |
| a |
Другие авторы |
Кузнецов Л. М. |
| q |
Полное имя |
Кузнецов Леонид Михайлович |
| 856 |
Электронный адрес документа |
40 |
| n |
Местонахождение сервера |
Юрайт |
| g |
|
Электронная книга |
| q |
Тип электронного формата |
html |
| h |
Имя пользователя |
ЮРАЙТ |
| v |
Часы доступа к ресурсу |
20271231 |
| 2 |
Способ доступа |
Показать документ |
| x |
Служебное примечание |
https://urait.ru/book/cover/0D3ABB3E-391F-4743-BFE7-953DEB76F13F |
| u |
URL |
https://urait.ru/bcode/589130 |
| 856 |
Электронный адрес документа |
48 |
| q |
Тип электронного формата |
cover |
| u |
URL |
https://urait.ru/book/cover/0D3ABB3E-391F-4743-BFE7-953DEB76F13F |
| 911 |
|
__ |
| u |
|
0030=https://urait.ru/bcode/589130 |
| 911 |
|
__ |
| u |
|
073a=9785534155662 |
| u |
|
073d=529.00 |
| 911 |
|
__ |
| u |
|
106a=s |
| 911 |
|
__ |
| u |
|
900l= |
| 952 |
Тип литературы |
__ |
| i |
Дисциплина |
Экологический аудит |
| 952 |
Тип литературы |
__ |
| i |
Дисциплина |
Аудит окружающей среды |
| 952 |
Тип литературы |
__ |
| i |
Дисциплина |
Экологический учет и аудит |
| 952 |
Тип литературы |
__ |
| i |
Дисциплина |
Экологический контроль и аудит в природопользовании |
| 952 |
Тип литературы |
__ |
| i |
Дисциплина |
Основы экологического аудита |
| 952 |
Тип литературы |
__ |
| i |
Дисциплина |
Аудит экологической безопасности |
| 952 |
Тип литературы |
__ |
| i |
Дисциплина |
Аудит эксплуатационной безопасности эксплуатантов |
| 952 |
Тип литературы |
__ |
| i |
Дисциплина |
Эколого-географический аудит |
| 952 |
Тип литературы |
__ |
| i |
Дисциплина |
Правовые основы экологического аудита |